Sports Quiz

Random Sports or NBA Quiz

NBA Shaq's Starting Lineups Quiz Stats

 Plays Quiz Updated Dec 11, 2018

Support Sporcle.
Go Orange.
Score 0/92 Timer 10:00
1 Play Today
# Games Player % Correct
359Kobe Bryant
99.3%
162Dwyane Wade
89.3%
53LeBron James
83.4%
189Derek Fisher
81.5%
96Steve Nash
77.8%
215Anfernee Hardaway
75.5%
27Kevin Garnett
67.7%
36Paul Pierce
67.6%
36Ray Allen
62.6%
41Mo Williams
62.1%
89Jason Williams
61.8%
1Jawad Williams
61.5%
26Rajon Rondo
61.4%
74Amar'e Stoudemire
59.1%
295Rick Fox
54.7%
90Robert Horry
53%
199Udonis Haslem
52.6%
178Horace Grant
50.8%
100Gary Payton
49.1%
40Karl Malone
48.1%
214Eddie Jones
46.6%
57Damon Jones
46.3%
276Nick Anderson
43.4%
5Shandon Anderson
43.1%
2Derek Anderson
43.1%
86Grant Hill
37.6%
141Dennis Scott
30%
8Byron Scott
29.7%
17Antoine Walker
29.4%
71Samaki Walker
29.3%
14Ricky Davis
28.4%
# Games Player % Correct
79A.C. Green
27.1%
4Litterial Green
26.9%
2Antawn Jamison
25.7%
113Ron Harper
25.7%
102Glen Rice
25.5%
29Derek Harper
25.5%
64Nick Van Exel
24.9%
9Glen Davis
24.6%
55Jason Richardson
24.3%
6Anderson Varejao
24.2%
1Delonte West
22.9%
15Leandro Barbosa
20.9%
53Anthony Parker
20.7%
123Scott Skiles
20.2%
3Rumeal Robinson
19.6%
10Nate Robinson
19.4%
46Raja Bell
17.4%
10Daniel Gibson
17.3%
1Luke Walton
16.7%
38Brian Shaw
15.6%
35Devean George
14.3%
11Dennis Rodman
13.4%
45J.J. Hickson
11.3%
15Rasual Butler
11.3%
64James Posey
9.6%
1Tyronn Lue
9.4%
45Elden Campbell
9.3%
1Goran Dragic
8.1%
25Mark Madsen
8%
2Mitch Richmond
7.9%
2Brooks Thompson
7.8%
# Games Player % Correct
33Slava Medvedenko
5.3%
74Jeff Turner
4.2%
20Dorell Wright
4.2%
37Matt Barnes
4.1%
1Brian Cook
4%
17Jason Kapono
4%
6Isaiah Rider
3.8%
23Travis Knight
3.8%
68Donald Royal
3.8%
42Lindsey Hunter
3.4%
52Anthony Bowie
3%
2Michael Doleac
2.7%
7Corey Blount
2.6%
8Kareem Rush
2.3%
7Chris Quinn
2%
10J.R. Reid
1.6%
1Alando Tucker
1.5%
5Jon Koncak
1.5%
1Terry Catledge
1.5%
23Anthony Avent
1.4%
2Ruben Patterson
1.3%
3Wesley Person
1.2%
1Wayne Simien
1%
60Tom Tolbert
1%
4Mario Bennett
0.9%
22Jerome Kersey
0.9%
11Larry Krystkowiak
0.9%
8Joe Wolf
0.7%
1Gerald Fitch
0.4%
1Sean Singletary
0.4%

You're not logged in!

Compare scores with friends on all Sporcle quizzes.
OR
Log In

From the Vault

European Microstates: Smallest to Largest

by r2d2

We always confuse Luxembourg and Liechtenstein, and this just made it worse.
Remove Ads.
Support Sporcle.
Get the best of Sporcle when you Go Orange. This ad-free experience offers more features, more stats, and more fun while also helping to support Sporcle. Thank you for becoming a member.

Show Comments

Extras

Top Quizzes Today


Score Distribution

Your Account Isn't Verified!

In order to create a playlist on Sporcle, you need to verify the email address you used during registration. Go to your Sporcle Settings to finish the process.

Report this User

Report this user for behavior that violates our Community Guidelines.

Details: